Pagar es morir, queremos vivir: ensayo teológico a partir de la deuda externa

Bewaard in:
Bibliografische gegevens
Hoofdauteur: Vidales, Raúl
Coauteur: Departamento Ecuménico de Investigaciones (DEI)
Formaat: Boek
Taal:Spanish
Gepubliceerd in: San José, Costa Rica DEI 1986
Onderwerpen:
Tags: Voeg label toe
Geen labels, Wees de eerste die dit record labelt!

MARC

LEADER 00000nam a22000007a 4500
003 cru CIDCACS/IIS
005 20220317062548.0
008 180910b1986 CR ||||| |||| 00| 0 spa d
999 |c 41664  |d 41664 
040 |c cru CIDCACS/IIS 
090 |a REV0750 (5) 1986 
100 1 |9 6110  |a Vidales, Raúl 
110 2 |9 7636  |a Departamento Ecuménico de Investigaciones (DEI) 
245 1 |a Pagar es morir, queremos vivir:  |b ensayo teológico a partir de la deuda externa  |c Raúl Vidales 
260 |a San José, Costa Rica  |b DEI  |c 1986 
300 |a 1-13 páginas 
650 1 4 |9 1839  |a DEUDA EXTERNA 
650 1 0 |9 3746  |a NUEVO ORDEN ECONOMICO INTERNACIONAL 
650 1 0 |a DESIGUALDAD ECONOMICA  |9 4894 
650 1 0 |9 3696  |a EDUCACION POLITICA 
650 1 0 |9 607  |a CEPAL 
651 1 0 |9 17  |a AMERICA LATINA 
651 1 0 |9 4609  |a CARIBE 
773 0 |0 41641  |9 2232  |a Departamento Ecuménico de Investigaciones (DEI)  |d San José, Costa Rica Departamento Ecuménico de Investigaciones (DEI)  |o 20024  |t Pasos / 
942 |2 ddc  |c PP